| 000 | 03929nam a22003377a 4500 | ||
|---|---|---|---|
| 003 | OSt | ||
| 005 | 20260423153924.0 | ||
| 008 | 260423t2023 xxu||||| |||| 00| 0 eng d | ||
| 020 | _a9783030900991 | ||
| 020 | _a9783030900984 | ||
| 040 |
_aUnicoc _bspa _c00001 _d00001 |
||
| 082 | _a617.643 | ||
| 100 |
_913035 _aMandelaris, George A. |
||
| 245 |
_aSurgically facilitated orthodontic therapy _b: an interdisciplinary approach _c/ George A. Mandelaris, Brian S.Vence |
||
| 250 | _a1 Ed. | ||
| 260 |
_aSuiza : _bSpringer , _c2023. |
||
| 300 |
_a831 páginas _bIlustraciones, diagramas, tablas, gráficas |
||
| 500 | _aIncluye referencias bibliográficas | ||
| 505 |
_tPart I. Embryologic basis of bone formation in the human craniofacial skeleton and its relation to malocclusion in interdisciplinary dentofacial therapy. -- _t1. Embryologic development of the jaws. -- _t2. Dental space deficiency syndrome: an anthropological perspective. -- _t3. Bone. the foundation of a smile. -- _tPart II. Patient assessment, co-discovery, diagnosis and planning the vision. -- _t4. Co-Discovery: a pathway to meaningful and essential treatment. -- _t5. Patient assessment. -- _t6. The IDT action plan: developing and planning the vision. -- _t7. Sleep disordered breathing considerations and screening in patient assessment and treatment planning. -- _t8. Role of oral and maxillofacial radiologist in contemporary interdisciplinary dentofacial therapy utilizing CBCT technology. -- _t9. Assessing the temporomandibular joint condition in surgically facilitated orthodontic treatment planning. -- _tPart III. The orthodontic perspective. -- _t10. The transverse dimension: CBCT treatment planning in growing children. -- _t11. Goal-Oriented treatment planning with corticotomy-facilitated orthodontics. -- _t12. Pre-surgical orthodontic therapy. -- _t13. Management of skeletal class II malocclusion: historical challenges and new opportunities. -- _t14. Distraction osteogenesis maxillary expansion (DOME) and SFOT for naso-maxillary expansion in obstructive sleep apnea (OSA). -- _t15. 3D Orthodontic diagnosis, planning, and treatment. -- _t16. Digitally guided orthodontic planning and simulation including implant placement. -- _t17. Digital smile design (DSD) and surgically facilitated orthodontic therapy (SFOT). -- _tPart IV. The periodontal perspective. -- _t18. Dentoalveolar bone in orthodontic patients: the periodontal perspective. -- _t19. Phenotype modification therapy: new challenges and opportunities. -- _t20. Regional acceleratory phenomenon in surgically facilitated orthodontic therapies. -- _t21. Anesthesia pain and anxiety control for surgically facilitated orthodontic treatment procedures. -- _t22. SFOT Surgery. -- _t23. The use of temporary anchorage devices in surgically facilitated orthodontics. -- _t24. Local applications of corticotomy and bone grafting for difficult orthodontic tooth movement. -- _tPart V. The Maxillofacial perspective. -- _t25. Overview and perspective of TMJ surgery in skeletal malocclusion. -- _t26. Surgically facilitated orthodontic treatment and orthognathic surgery. -- _t27. Contemporary skeletal surgery for obstructive sleep apnea. -- _tPart VI. Putting it all together. case presentations. -- _t28. Case presentations and lessons learned. |
||
| 526 | _5Unicoc | ||
| 546 | _aInglés | ||
| 650 | 0 |
_913036 _aTerapia ortodóncica _vMétodos quirúrgicos |
|
| 650 | 0 |
_913037 _aCorticotomía alveolar |
|
| 650 | 0 |
_986 _aCirugía bucal |
|
| 650 | 0 |
_94197 _aCirugía maxilofacial |
|
| 650 | 0 |
_913023 _aMaloclusión dentaria _vTratamiento |
|
| 658 | 0 |
_911722 _aEspecialización en Ortodoncia y Ortopedia Maxilar |
|
| 700 |
_913034 _aVence, Brian S. |
||
| 856 |
_yAcceso online exclusivo para comunidad Unicoc. _uhttps://unicoceduco-my.sharepoint.com/:b:/g/personal/direccionbiblioteca_unicoc_edu_co/IQD-FQ7xXoYbRoZvHM3trVquAUSnN-Nyh54sX2qBY7F4tlw |
||
| 942 |
_2ddc _cEBOOK |
||
| 999 |
_c10875 _d10875 |
||